| 000 | 01047nam a2200193 u 4500 | ||
|---|---|---|---|
| 001 | 000296901 | ||
| 003 | AM-YeHGA | ||
| 005 | 20250617130018.0 | ||
| 008 | 031223s1987 ||||||||||||||||||||rus d | ||
| 040 | _aAM-YeHGA | ||
| 041 | 0 | _arus | |
| 245 | 0 | 0 |
_aИнтенсификация социалистического производства и закономерности ее осуществления в условиях научно-технической революции : _bМежвузовский сборник / _cГорьк. гос. ун-т им. Н.И. Лобачевского ; Редколл.: В.И. Батрасов (отв. ред.) и др. |
| 260 |
_aГорький : _bИзд-во Горьковского ун-та, _c1987. |
||
| 300 | _a97 с. | ||
| 650 | 1 | 4 | _aЭкономика народного хозяйства |
| 700 | 1 |
_aБатрасов, В.И. _eред. _4edt |
|
| 710 | 0 | _aГорьковский государственный университет им. Н.И. Лобачевского | |
| 090 | _c110324 | ||
| 999 |
_c108992 _d108992 |
||